Strategies for low-income shelter and services development : (Record no. 7499)

MARC details
000 -LEADER
fixed length control field 00777cam a22002172 4500
001 - CONTROL NUMBER
control field 0000007363
005 - DATE AND TIME OF LATEST TRANSACTION
control field 20151217152030.0
008 - FIXED-LENGTH DATA ELEMENTS--GENERAL INFORMATION
fixed length control field 080116s xx 000 0 eng d
020 ## - INTERNATIONAL STANDARD BOOK NUMBER
International Standard Book Number 921131092 :
040 ## - CATALOGING SOURCE
Original cataloging agency KABU
Transcribing agency KABU
245 10 - TITLE STATEMENT
Title Strategies for low-income shelter and services development :
Remainder of title the rental-housing option.
260 ## - PUBLICATION, DISTRIBUTION, ETC. (IMPRINT)
Place of publication, distribution, etc. Nairobi :
Name of publisher, distributor, etc. Habitat,
Date of publication, distribution, etc. 1989.
300 ## - PHYSICAL DESCRIPTION
Extent iii, 45 p.
650 #0 - SUBJECT ADDED ENTRY--TOPICAL TERM
Topical term or geographic name as entry element Rental housing
Geographic subdivision Developing countries.
-- 0000158587
650 #0 - SUBJECT ADDED ENTRY--TOPICAL TERM
Topical term or geographic name as entry element Housing policy
Geographic subdivision Developing countries.
-- 0000158586
852 1# - LOCATION
-- p800 KES
852 1# - LOCATION
-- p800 KES
852 1# - LOCATION
-- p300 KES
908 ## - PUT COMMAND PARAMETER (RLIN)
Put command parameter 080116
950 ## - LOCAL HOLDINGS (RLIN)
-- 1
Holdings
Withdrawn status Lost status Source of classification or shelving scheme Not for loan Home library Current library Date acquired Total Checkouts Full call number Barcode Date last seen Price effective from Koha item type
    Library of Congress Classification   Kabarak, Main Campus Kabarak, Main Campus 17/12/2015   HD7288.85 .D44S77 c. 1 011872 02/08/2024 17/12/2015 General Collection
    Library of Congress Classification   Kabarak, Main Campus Kabarak, Main Campus 17/12/2015   HD7288.85 .D44S77 c. 2 011873 02/08/2024 17/12/2015 General Collection
    Library of Congress Classification   Kabarak, Main Campus Kabarak, Main Campus 17/12/2015   HD7288.85 .D44S77 c. 3 16596 02/08/2024 17/12/2015 General Collection
Designed with assistance from East African Informatics Ltd